Normal view
MARC view
Entry Corporate Name
001 - CONTROL NUMBER
- control field: 48863
003 - CONTROL NUMBER IDENTIFIER
- control field: ARRUPE
005 - DATE AND TIME OF LATEST TRANSACTION
- control field: 20191203095042.0
008 - FIXED-LENGTH DATA ELEMENTS
- fixed length control field: 191203|| aca||aabn | a|a d
040 ## - CATALOGING SOURCE
- Original cataloging agency: ARRUPE
- Transcribing agency: ARRUPE
110 ## - HEADING--CORPORATE NAME
- Corporate name or jurisdiction name as entry element: Zimbabwe.
- Subordinate unit: Commission of Inquiry into Appropriate Agricultural Land Tenure Systems.
670 ## - SOURCE DATA FOUND
- Source citation: Work cat.: (ARRUPE)0: Zimbabwe. Commission of Inquiry into Appropriate Agricultural Land Tenure Systems., Report of the Commission of Inquiry into Appropriate Agricultural Land Tenure Systems /, [1994]